Lesquels sont des empereurs romains ? - Statistiques

Statistiques générales
  • Ce quiz a été pris 240 fois
  • Le résultat moyen est 6 sur 16
Answers on the Grid
Answers color-coded by a green-red scale on the quiz's grid according to % correct below.
Macrin
Théodose
Cicéron
Numa Pompilius
Commode
Jules César
Caligula
Romulus Augustule
Brutus
Massalia
Robertus
Titus
Germanicus
Othon
Valentinien
Carolinien
Dioclétien
Léonidas
Capella
Galba
Mancius Claudius Decumanus
Pertinax
Pupien
Lucius Aurelius Verus
Catilina
Geta
Héliogabale
Martinus Valentinius Falanus
Scipion l'Africain
Vitellius
 
Statistiques - réponses
Réponse % Correct
Commode
61%
Caligula
60%
Titus
55%
Théodose
52%
Romulus Augustule
48%
Macrin
40%
Dioclétien
38%
Galba
34%
Vitellius
32%
Lucius Aurelius Verus
31%
Geta
30%
Othon
30%
Valentinien
28%
Héliogabale
27%
Pertinax
25%
Pupien
19%
Aucun quiz correspondant
Distribution des résultats
% des personnes avec chaque résultat
Percentile par nombre de réponses
Votre historique - résultats
Vous n’avez pas pris ce quiz